000 01428nam a2200373Ia 4500
001 ebr10112959
003 CaPaEBR
006 m u
007 cr cn|||||||||
008 041215s2004 nyua sb 001 0 eng d
020 _z0738497770
040 _aCaPaEBR
_cCaPaEBR
035 _a(OCoLC)62786556
050 1 4 _aTK5105.8885.L67
_bD665 2004eb
082 0 4 _a005.2/76
_222
245 0 0 _aDomino Web Access 6.5 on Linux
_h[electronic resource] /
_cJohn Bergland ... [et al.].
250 _a2nd ed.
260 _aArmonk, N.Y. :
_bIBM,
_cc2004.
300 _axvi, 454 p. :
_bill.
490 1 _aRedbooks
500 _a"April 2004."
500 _a"Installation, configuration, tuning of DWA 6.5 on Red Hat, UnitedLinux ; Overview of features and functionality ; Basic customization techniques."
504 _aIncludes bibliographical references and index.
533 _aElectronic reproduction.
_bPalo Alto, Calif. :
_cebrary,
_d2009.
_nAvailable via World Wide Web.
_nAccess may be limited to ebrary affiliated libraries.
630 0 0 _aLotus Domino.
630 0 0 _aLinux.
650 0 _aClient/server computing.
650 0 _aWeb servers.
655 7 _aElectronic books.
_2local
700 1 _aBergland, John.
_4aut
710 2 _aebrary, Inc.
830 0 _aIBM redbooks.
856 4 0 _uhttp://site.ebrary.com/lib/rucke/Doc?id=10112959
_zAn electronic book accessible through the World Wide Web; click to view
999 _c107191
_d107191